00338nam a2200145Ia 4500003000500000008004100005020001500046040001900061082000700080100001700087245003200104260003600136300000800172546001200180STCL181203s9999 xx 000 0 und d a0060000481 aSTCLbENcSTCL 222 aMoore, Robin 4aThe Man with the Silver Oar bHarper Collins aNew Yorkc2002 a183 aEnglish